| 000 | 00672nam a2200181Ia 4500 | ||
|---|---|---|---|
| 008 | 190511s9999 xx 000 0 und d | ||
| 100 | _aWestbrook, Cecilia | ||
| 245 | _aFrontoparietal processing of stress-relevant information differs in individuals with a negative cognitive style / | ||
| 245 | _cCecilia Westbrook, Elena G. Patsenko, Jeanette A. Mumford, Lyn Y. Abramson and Richard J. Davinson.-- | ||
| 260 | _bAmerican Psychological Association | ||
| 260 | _c2018 | ||
| 300 | _aPages 437-447, July 2018 | ||
| 440 |
_aJournal of Abnormal Psychology _v127(5) |
||
| 650 | _aCognitive vulnerability | ||
| 650 | _aDepression | ||
| 650 | _afMRI | ||
| 650 | _aStress | ||
| 999 |
_c361840 _d361840 |
||